000 00325nam a22001457a 4500
003 SGT
020 _a938426619-1
082 _a570
_bSHA
100 _aSHARMA, DR. O.P.
245 _aA TEXTBOOK OF REMEDIAL BIOLOGY
260 _aINDIA
_bBIRLA PUB.
_c2025
300 _a372
650 _aREMEDIAL BIOLOGY
942 _2ddc
_cBK
999 _c32974
_d32974